Music Quiz

Random Music or Song Quiz
Score 0/113 Timer 15:00
0 Plays Today
Album Song % Correct
In AbsentiaBlackest Eyes
89.3%
DeadwingDeadwing
88.6%
Fear of a Blank PlanetFear of a Blank Planet
87.9%
DeadwingLazarus
85.4%
DeadwingHalo
84%
Fear of a Blank PlanetAnesthetize
83.2%
Stupid DreamPiano Lessons
82.8%
DeadwingShallow
82.8%
In AbsentiaTrains
81.4%
Fear of a Blank PlanetMy Ashes
80.8%
DeadwingGlass Arm Shattering
80.7%
In AbsentiaCollapse the Light Into the Earth
80.6%
Fear of a Blank PlanetWay Out of Here
80%
Up the DownstairUp the Downstair
79.4%
DeadwingArriving Somewhere but Not Here
79.2%
Lightbulb SunLightbulb Sun
78.4%
Stupid DreamEven Less
77.3%
In AbsentiaThe Sound of Muzak
77%
DeadwingOpen Car
76.6%
Fear of a Blank PlanetSentimental
76.6%
Fear of a Blank PlanetSleep Together
76.1%
In Absentia.3
75.4%
In AbsentiaProdigal
75.3%
DeadwingMellotron Scratch
75.3%
In AbsentiaGravity Eyelids
75.2%
Lightbulb SunFeel So Low
74.3%
DeadwingThe Start of Something Beautiful
73.8%
The IncidentThe Incident
73.8%
In AbsentiaLips of Ashes
72.7%
In AbsentiaThe Creator Has a Mastertape
72.1%
Stupid DreamStop Swimming
72%
In AbsentiaHeartattack in a Layby
71.9%
Lightbulb SunFour Chords That Made a Million
71.5%
Lightbulb SunRussia on Ice
71.5%
SignifyDark Matter
71.2%
In AbsentiaWedding Nails
71.1%
SignifySignify
70.7%
Stupid DreamStupid Dream
70.3%
Album Song % Correct
Lightbulb SunShesmovedon
68.7%
In AbsentiaStrip the Soul
67.2%
On The Sunday of LifeRadioactive Toy
67%
SignifyBornlivedie
67%
The IncidentOccam's Razor
66.6%
The IncidentDrawing the Line
66.5%
The IncidentBonnie the Cat
65.8%
On The Sunday of LifeOn the Sunday of Life
65.5%
Lightbulb SunHatesong
63.4%
The Sky Moves SidewaysThe Sky Moves Sideways Phase 1
61.3%
Stupid DreamTinto Brass
60.9%
Lightbulb SunHow is Your Life Today
60.7%
Lightbulb SunLast Chance to Evacuate Planet Earth Before it is Recycled
59.7%
Lightbulb SunWhere We Would Be
59.7%
The IncidentTime Flies
59.7%
Stupid DreamA Smart Kid
58.8%
The IncidentThe Black Dahlia
58.7%
SignifyWaiting Phase One
58.3%
On The Sunday of LifeNine Cats
57.5%
The Sky Moves SidewaysThe Sky Moves Sideways Phase 2
57%
The IncidentFlicker
56.7%
Stupid DreamDon't Hate Me
56.5%
SignifyWaiting Phase Two
56.3%
The IncidentI Drive the Hearse
55.7%
Lightbulb SunThe Rest Will Flow
55.5%
The IncidentThe Blind House
54.4%
Stupid DreamPure Narcotic
53.3%
The IncidentThe Yellow Windows of the Evening Train
53.2%
Stupid DreamSlave Called Shiver
52.9%
On The Sunday of LifeJupiter Island
52.6%
The Sky Moves SidewaysStars Die
51.5%
The Sky Moves SidewaysMoonloop
51.1%
The IncidentOctane Twisted
50.9%
The Sky Moves SidewaysThe Moon Touches Your Shoulder
49.7%
The IncidentKneel and Disconnect
47.8%
The IncidentYour Unpleasant Family
47.5%
The IncidentCircle of Manias
47.5%
SignifySever
47.4%
Album Song % Correct
Up the DownstairSynesthesia
46.5%
SignifyLight Mass Prayers
46.3%
The IncidentGreat Expectations
46.3%
Stupid DreamStranger By the Minute
46.1%
SignifyPagan
45.9%
SignifyThe Sleep of No Dreaming
45.4%
Stupid DreamBaby Dream in Cellophane
44.4%
SignifyEvery Home is Wired
44.3%
The Sky Moves SidewaysDislocated Day
43.8%
The IncidentThe Seance
43.2%
Stupid DreamThis is No Rehearsal
43%
SignifyIntermediate Jesus
42.3%
Up the DownstairSmall Fish
40%
SignifyIdiot Prayer
39.9%
Up the DownstairFadeaway
38.5%
On The Sunday of LifeLinton Samuel Dawson
37.5%
Up the DownstairBurning Sky
37.2%
Up the DownstairWhat You Are Listening To...
36.9%
The IncidentDegree Zero of Liberty
35.9%
Up the DownstairAlways Never
35.5%
On The Sunday of LifeIt Will Rain for a Million Years
35.1%
Up the DownstairNot Beautiful Anymore
32.9%
On The Sunday of LifeMusic for the Head
31.6%
The IncidentRemember Me Lover
31.5%
On The Sunday of LifeThe Nostalgia Factory
30.9%
On The Sunday of LifeMessage from a Self Destructing Turnip
30.6%
On The Sunday of LifeSpace Transmission
27.3%
On The Sunday of LifeAnd the Swallows Dance Above the Sun
27%
Up the DownstairMonuments Burn Into Moments
26.9%
On The Sunday of LifeQueen Quotes Crowley
25.5%
On The Sunday of LifeFootprints
25.1%
On The Sunday of LifeBegonia Seduction Scene
24.1%
Up the DownstairSiren
23.3%
On The Sunday of LifeThird Eye Surfer
22.9%
On The Sunday of LifeHymn
22.4%
On The Sunday of LifeNo Luck With Rabbits
22.2%
On The Sunday of LifeThis Long Silence
14.4%

You're not logged in!

Compare scores with friends on all Sporcle quizzes.
OR
Log In

Sporcle TV

Today on Sporcle TV


Watch our educational content, quiz creation guides, and fun videos on Sporcle TV.

Show Comments

Extras

Top Quizzes Today


Score Distribution

Paid Content

Your Account Isn't Verified!

In order to create a playlist on Sporcle, you need to verify the email address you used during registration. Go to your Sporcle Settings to finish the process.

Report this User

Report this user for behavior that violates our Community Guidelines.

Details: